Кодекс о браке и семье Украины (с изменениями и дополнениями на 17.03.97) (Record no. 311720)

MARC details
000 -Лідер
fixed length control field 00633nam a22002297a 4500
003 - Ідентифікатор контрольного номера
control field UA-OsUOA
001 - Контрольний номер
control field 25425
007 - Фіксоване поле фізичного опису
fixed length control field ta
008 - Елементи даних фіксованої довжини – загальна інформація
fixed length control field 20040408b un ||||| |||| 00| 0 ukr d
090 ## - Локальний шифр розміщення
Класифікаційний індекс УДК 34(094.4):347.6(477)
Авторський знак (НП) К55
040 ## - Джерело каталогізації
Агенція оригінальної каталогізації UA-OsUOA
Мова каталогізації rus
Агенція, яка здійснювала перезапис UA-OsUOA
Агенція, яка здійснювала модифікацію UA-OsUOA
041 ## - Код мови
Код мови тексту/ звукової доріжки чи окремого заголовка (П) rus
080 ## - Індекс Універсальної десяткової класифікації
Індекс Універсальної десяткової класифікації (УДК) (НП) 34(094.4):347.6(477)
044 ## - Код країни видавця/ виробника
Код країни видавця/ виробника (П) RU
245 ## - Відомості про назву
Назва (НП) Кодекс о браке и семье Украины (с изменениями и дополнениями на 17.03.97)
260 ## - Публікація, розповсюдження і т.п. (Вихідні дані)
Місце публікації, розповсюдження і т.п. (П) Киев
Ім’я/ наймення видавництва, розповсюджувача і т.п. (П) Влад и Влада
Дата публікації, розповсюдження і т.п. (П) 1997
300 ## - Фізичний опис
Обсяг 72 с.
650 #7 - Додаткове предметне введення – тематичний термін
Джерело заголовка чи терміна UDC
942 ## - Додаткові елементи входу (Коха)
Тип елемента Koha Books
955 ## - Код типу видання за змістом
Код типу видання за змістом (НП) інше
Holdings
Стан вилучень Стан втрат Джерело класифікації або схеми стелажів Стан уражень Не для кредиту Постійне місце розташування Поточне розміщення Дата придбання Інвентарний номер Усього замовленно Повний номер виклику Штрих-код Дата останнього перегляду Ціна ефективна від Тип елемента Koha Вартість, звичайна ціна покупки
    Universal Decimal Classification     АБ - Абонемент НБ АБ - Абонемент НБ 17/08/2006 31439   34(094.4):347.6(477) К55 31439 17/12/2021 08/04/2004 Books  
    Universal Decimal Classification     ЧЗ - Читальна зала ЧЗ - Читальна зала 08/04/2004 67554   34(094.4):347.6(477) К55 67554 09/02/2022 08/04/2004 Books 17.40
    Universal Decimal Classification     ЧЗ - Читальна зала ЧЗ - Читальна зала 08/04/2004 67555   34(094.4):347.6(477) К55 67555 09/02/2022 08/04/2004 Books 6.00
    Universal Decimal Classification     ЧЗ - Читальна зала ЧЗ - Читальна зала 08/04/2004 67556   34(094.4):347.6(477) К55 67556 09/02/2022 08/04/2004 Books 17.40
    Universal Decimal Classification     ЧЗ - Читальна зала ЧЗ - Читальна зала 08/04/2004 67557   34(094.4):347.6(477) К55 67557 09/02/2022 08/04/2004 Books 17.40